LEADER 00895nam2-22003371i-450- 001 990002005270403321 005 20090408131713.0 035 $a000200527 035 $aFED01000200527 035 $a(Aleph)000200527FED01 035 $a000200527 100 $a20030910d1909----km-y0itay50------ba 101 0 $aeng 102 $aGB 105 $aa-------001yy 200 1 $aCrustacea$fGeoffrey Smith 210 $aLondon$cMcMillan$d1909 215 $ap. [1]-217$d22 cm 225 1 $a<>Cambridge Natural History$iCrustacea$v4 461 0$1001000200426$12001$aCrustacea 610 0 $aCrostacei 610 0 $aZoologia$aTrattati 676 $a595.3 700 1$aSmith,$bGeoffrey$0359920 801 0$aIT$bUNINA$gRICA$2UNIMARC 901 $aBK 912 $a990002005270403321 952 $a61 II A.4/015.7$b205$fDAGEN 959 $aDAGEN 996 $aCrustacea$9402924 997 $aUNINA LEADER 00980nam a22002651i 4500 001 991000329619707536 005 20040812154706.0 008 040920s1994 it ita 020 $a8871874102 035 $ab1320578x-39ule_inst 035 $aARCHE-115202$9ExL 040 $aSet. Economia$bita$cA.t.i. Arché s.c.r.l. Pandora Sicilia s.r.l. 082 04$a332.6424 110 2 $aIstituto per la ricerca sociale$0374565 245 10$aRapporto IRS sul mercato azionario 1994 260 $aMilano :$bIl sole-24 ore libri,$c1994 300 $a326 p. ;$c24 cm 490 $aStudi 650 4$aBorse$zItalia$y1993 907 $a.b1320578x$b20-04-18$c23-09-04 912 $a991000329619707536 945 $aLE025 ECO 332.6 IST01.01 1994$g1$i2025000152243$lle025$nCatalogato 2018$o-$pE27.00$q-$rl$s- $t0$u0$v0$w0$x0$y.i13860768$z23-09-04 996 $aRapporto IRS sul mercato azionario 1994$91103198 997 $aUNISALENTO 998 $ale025$b23-09-04$cm$da $e-$fita$git $h0$i1